| 000 | 00504nam a2200181Ia 4500 | ||
|---|---|---|---|
| 003 | GCL | ||
| 008 | 140319s9999 xx 000 0 eng d | ||
| 020 | _a0806928980 | ||
| 040 |
_aGCL / _cGCL |
||
| 082 | 0 | 4 |
_a745.5 _bS F |
| 100 | 1 | _aSCHEFFLER, CAROL | |
| 245 | 1 | 0 |
_aFAMILY CRAFTING : _bFUN PROJECTS TO DO TOGETHER / _cSCHEFFLER, CAROL |
| 260 |
_aنيويورك : _bSTERLING PUBLISHING CO. INC. ، _c2001 |
||
| 300 |
_a32 CM ؛ _c128 P |
||
| 650 | 0 | 4 | _aHANDICRAFTS |
| 650 | 0 | 4 | _aCRAFTS |
| 942 |
_2ddc _cBK |
||
| 999 |
_c6573 _d6573 |
||